Cambio climático, bosques y ordenación forestal : (Registro nro. 5050)

Detalles MARC
000 -CABECERA
Campo de control 01040cam a2200265 i 4500
005 - FECHA Y HORA DE LA ULTIMA TRANSACCION
Campo de control 20200104041556.0
008 - ELEMENTOS DE LONGITUD FIJA—INFORMACION GENERAL
Campo de control 961109s1996 it a r 00110 spa d
020 ## - ISBN
ISBN 9253036648
040 ## - FUENTE DE CATALOGACIÓN
Agencia catalogadora original la
Agencia transcriptora la
Agencia Modificadora CO-BoIAVH
041 0# - IDIOMA
Código de idioma para texto/pista de sonido o título separado Español
082 04 - NUMERO DE CLASIFICACION DECIMAL DEWEY
Número de clasificación 551.5
Número del ítem C56c
100 1# - ASIENTO PRINCIPAL--NOMBRE PERSONAL
Nombre personal Ciesla, William M.
9 (RLIN) 61617
245 10 - MENCION DE TITULO
Título Cambio climático, bosques y ordenación forestal :
Parte restante del título una vesrión de conjunto /
Mención de responsabilidad William M. Ciesla.
260 ## - PUBLICACION, DISTRIBUCION, ETC. (PIE DE IMPRENTA)
Lugar de publicación, distribución, etc. Roma :
Nombre del editor, distribuidor, etc. Organización de las Naciones Unidas Para la Agricultura y la Alimentación,
Fecha de publicación, distribución, etc. 1996.
300 ## - DESCRIPCION FISICA
Extensión 146 páginas :
Otros detalles físicos ilustraciones ;
Dimensiones 22 cm.
504 ## - NOTA DE BIBLIOGRAFIA, ETC.
Nota de bibliografía Incluye referencias bibliográficas e índice.
590 ## - NOTA LOCAL
Nota local A la copia de la biblioteca le faltan las paginas 15-28.
650 14 - ASIENTO SECUNDARIO DE MATERIA - TERMINO TEMATICO
Término temático o nombre geográfico como elemento de entrada Bosques
Subdivisión general Aspectos ambientales.
9 (RLIN) 61623
650 24 - ASIENTO SECUNDARIO DE MATERIA - TERMINO TEMATICO
Término temático o nombre geográfico como elemento de entrada Cambios climáticos.
9 (RLIN) 61624
650 24 - ASIENTO SECUNDARIO DE MATERIA - TERMINO TEMATICO
Término temático o nombre geográfico como elemento de entrada Climatología.
9 (RLIN) 288
650 24 - ASIENTO SECUNDARIO DE MATERIA - TERMINO TEMATICO
Término temático o nombre geográfico como elemento de entrada Efecto invernadero.
9 (RLIN) 61626
710 2# - ASIENTO SECUNDARIO - NOMBRE CORPORATIVO
Nombre corporativo o de jurisdicción como elemento de entrada Organización de las Naciones Unidas para la Agricultura y la Alimentación.
9 (RLIN) 61627
942 ## - ELEMENTOS ADICIONALES (KOHA)
Sistema de clasificación Dewey Decimal Classification
Tipo de ítem Libro
949 ## - LOCAL PROCESSING INFORMATION (OCLC)
a n
b n
Existencias
Withdrawn status Lost status Sistema de Clasificación Damaged status No para préstamo Colección Inventariado Ubicación Permanente Ubicación actual Fecha de adquisición Fuente de Valor Valor Total Checkouts Número topográfico Inventario / Código de Barras Date last seen Ejemplar Price effective from Forma de adquisición Tipo de material
    Dewey Decimal Classification     General Inventariado 2017 Bogotá Bogotá 03/01/2006 Instituto 39000.00   LB-551.5 C56c 022729 04/12/2012 Ej. 1 04/12/2012 Compra Libro